Ωδαί

Αποθηκεύτηκε σε:
Λεπτομέρειες βιβλιογραφικής εγγραφής
Κύριος συγγραφέας: Κάλβος, Ανδρέας, 1792-1869
Μορφή: Βιβλίο
Γλώσσα:Greek
Δημοσίευση: Αθήνα : Γαλαξίας, 1961.
Σειρά:Βιβλιοθήκη Ελλήνων και ξένων συγγραφέων ; 22
Θέματα:
Ετικέτες: Προσθήκη ετικέτας
Δεν υπάρχουν, Καταχωρήστε ετικέτα πρώτοι!

MARC

LEADER 00000cam a2200000 i 4500
001 1/48128
008 980707s1961 gr | ||| |||| ||gre||
035 |l 10043254 
040 |a GR-MyUA  |b gre  |e AACR2 
041 0 |a gre 
082 0 |a 889.1 
100 1 |a Κάλβος, Ανδρέας,   |d 1792-1869. 
245 1 0 |a Ωδαί /   |c Ανδρέα Κάλβου.  
260 |a Αθήνα :   |b Γαλαξίας,   |c 1961.  
300 |a 154 σ. ;   |c 19 εκ.  
490 1 |a (Βιβλιοθήκη Ελλήνων και ξένων συγγραφέων   |v ; 22)  
650 0 0 |a Greek poetry. 
830 0 |a Βιβλιοθήκη Ελλήνων και ξένων συγγραφέων ;  |v  22 
852 |a INST  |b SAMOS  |e 19980707  |h 889.1 ΚΑΛ  |p 005300011003  |q 005300011003  |t BK  |y 0 
901 |a BIBL-1998-2 
909 |a Σ  |b 051298 
922 |a 3ΕΛΗ  |b 199709  |c ΔΩΡ  |d ΠΑΡΙΑΝΟΣ